[Event "I Torneo Masters Temático 2015"]
[Site "Madrid"]
[Date "2015.05.09"]
[Round "1.1"]
[White "Matnadze, Ana"]
[Black "Ibarra Jerez, Jose Carlos"]
[Result "1/2-1/2"]
[WhiteElo "2436"]
[BlackElo "2553"]
[PlyCount "178"]
[EventDate "2015.05.09"]
[EventType "tourn (rapid)"]
[EventRounds "7"]
[EventCountry "ESP"]
[EventCategory "13"]
[Source "lmi"]
[SourceDate "2015.05.09"]

1. d4 d5 2. c4 c6 3. cxd5 cxd5 4. Nf3 Nc6 5. Nc3 Nf6 6. Bf4 Bf5 7. e3 e6 8. Bd3
Bxd3 9. Qxd3 Bd6 10. Bxd6 Qxd6 11. O-O O-O 12. a3 Na5 13. Ne5 Rfc8 14. Rad1 Nc4
15. Nxc4 Rxc4 16. e4 Nd7 17. exd5 exd5 18. Qf5 Nf6 19. Rfe1 Rd8 20. h3 a6 21.
Qe5 b5 22. Qxd6 Rxd6 23. Re7 g6 24. Rb7 Ne4 25. Rd3 Nxc3 26. bxc3 Kg7 27. Re3
Ra4 28. g4 h6 29. h4 Rf6 30. Kg2 Rxa3 31. Kg3 Rc6 32. Rf3 Rf6 33. Re3 Ra1 34.
f3 Rg1+ 35. Kh2 Rc1 36. Rd7 Rc6 37. Ree7 Rf6 38. Re3 Rb1 39. Rxd5 Rb3 40. Rc5
a5 41. Rc8 a4 42. Ra8 g5 43. Kg3 Rc6 44. hxg5 hxg5 45. Re5 Rcxc3 46. Rxg5+ Kf6
47. Rf5+ Ke6 48. Ra6+ Ke7 49. Ra7+ Kd6 50. Rfxf7 a3 51. g5 b4 52. g6 Rb1 53. g7
Rg1+ 54. Kf4 Rc8 55. Rfb7 Rg8 56. Rxb4 R1xg7 57. Rxa3 Rf7+ 58. Ke3 Re8+ 59. Kf2
Ref8 60. Rb5 Rf4 61. Rd3 Kc6 62. Rg5 Kd6 63. Kg3 R8f6 64. d5 Ra4 65. Rg4 Ra5
66. Rb4 Rxd5 67. Rb6+ Ke7 68. Rb7+ Kd6 69. Rxd5+ Kxd5 70. Re7 Rf8 71. f4 Kd6
72. Re1 Rg8+ 73. Kf3 Rf8 74. Re5 Ra8 75. Kg4 Rg8+ 76. Kf5 Rf8+ 77. Ke4 Ra8 78.
Kf5 Rf8+ 79. Kg4 Rg8+ 80. Rg5 Rf8 81. Rg7 Ke6 82. Kg5 Rf5+ 83. Kg4 Rf8 84. Rg6+
Kf7 85. Kg5 Ra8 86. Rf6+ Kg7 87. Rb6 Ra1 88. Rb7+ Kf8 89. f5 Ra6 1/2-1/2

[Event "I Torneo Masters Temático 2015"]
[Site "Madrid"]
[Date "2015.05.09"]
[Round "1.2"]
[White "Salgado Lopez, Ivan"]
[Black "Vallejo Pons, Francisco"]
[Result "1/2-1/2"]
[WhiteElo "2655"]
[BlackElo "2689"]
[PlyCount "103"]
[EventDate "2015.05.09"]
[EventType "tourn (rapid)"]
[EventRounds "7"]
[EventCountry "ESP"]
[EventCategory "13"]
[Source "lmi"]
[SourceDate "2015.05.09"]

1. e4 e6 2. d4 d5 3. exd5 exd5 4. Nf3 Nc6 5. c3 Bd6 6. Bd3 Nge7 7. Bg5 Bg4 8.
Nbd2 Qd7 9. Qc2 Bf5 10. O-O Bxd3 11. Qxd3 O-O 12. Rfe1 Rfe8 13. Bh4 Qf5 14.
Qxf5 Nxf5 15. Bg3 f6 16. Nf1 Bxg3 17. hxg3 h5 18. N3d2 a5 19. f3 Kf7 20. Kf2 b6
21. Nh2 Rxe1 22. Rxe1 Re8 23. Rh1 Re2+ 24. Kxe2 Nxg3+ 25. Ke3 Nxh1 26. Nhf1 h4
27. f4 Ne7 28. Kf3 Nf5 29. a4 Kg6 30. Nb1 Kh5 31. Na3 g5 32. fxg5 fxg5 33. Nb5
c6 34. Na7 Ne7 35. g4+ Kg6 36. Kg2 Ng3 37. Nxg3 hxg3 38. b4 axb4 39. cxb4 Kf6
40. a5 bxa5 41. bxa5 Ke6 42. a6 Kd7 43. Nb5 Nc8 44. Nc3 Kc7 45. Na4 Nd6 46. Nc5
Kb6 47. Kxg3 Nf7 48. Kf3 Nh6 49. Ne6 Nf7 50. Nc5 Nh6 51. Ne6 Nf7 52. Nc5
1/2-1/2

[Event "I Torneo Masters Temático 2015"]
[Site "Madrid"]
[Date "2015.05.09"]
[Round "1.3"]
[White "Espinosa Aranda, Angel"]
[Black "Forcen Esteban, Daniel"]
[Result "0-1"]
[WhiteElo "2419"]
[BlackElo "2503"]
[PlyCount "72"]
[EventDate "2015.05.09"]
[EventType "tourn (rapid)"]
[EventRounds "7"]
[EventCountry "ESP"]
[EventCategory "13"]
[Source "lmi"]
[SourceDate "2015.05.09"]

1. e4 e5 2. Nf3 Nc6 3. Bb5 a6 4. Ba4 Nf6 5. O-O Be7 6. d3 b5 7. Bb3 O-O 8. a4
Rb8 9. axb5 axb5 10. Nc3 d6 11. Nd5 Nxd5 12. Bxd5 Nb4 13. Bb3 c5 14. c3 Na6 15.
Be3 Bb7 16. d4 exd4 17. cxd4 c4 18. Bc2 d5 19. e5 Nb4 20. Bb1 Nc6 21. Re1 Bc8
22. Nd2 Bb4 23. f4 g6 24. Rf1 c3 25. Nb3 cxb2 26. Ra2 Bc3 27. Qc2 b4 28. f5 Qh4
29. g3 Qh5 30. Qg2 Bxf5 31. Bxf5 gxf5 32. Ra6 Rfc8 33. Qxd5 Qe2 34. Rxc6 Rxc6
35. Qxc6 Qxe3+ 36. Kh1 Qd3 0-1

[Event "I Torneo Masters Temático 2015"]
[Site "Madrid"]
[Date "2015.05.09"]
[Round "1.4"]
[White "Anton Guijarro, David"]
[Black "Illescas Cordoba, Miguel"]
[Result "1-0"]
[WhiteElo "2611"]
[BlackElo "2588"]
[PlyCount "55"]
[EventDate "2015.05.09"]
[EventType "tourn (rapid)"]
[EventRounds "7"]
[EventCountry "ESP"]
[EventCategory "13"]
[Source "lmi"]
[SourceDate "2015.05.09"]

1. d4 d5 2. c4 c6 3. Nf3 Nf6 4. e3 e6 5. Nbd2 Nbd7 6. b3 Bd6 7. Bb2 O-O 8. Bd3
b6 9. O-O Bb7 10. Qe2 c5 11. cxd5 exd5 12. Rfd1 Re8 13. Nf1 Ne4 14. Ng3 Nxg3
15. hxg3 Bf8 16. Rac1 a6 17. dxc5 bxc5 18. Qc2 h6 19. Bh7+ Kh8 20. Bf5 Nf6 21.
g4 Kg8 22. g5 hxg5 23. Nxg5 Be7 24. Be6 fxe6 25. Qg6 Qb6 26. Rd3 c4 27. Qf7+
Kh8 28. Rd4 1-0

[Event "I Torneo Masters Temático 2015"]
[Site "Madrid"]
[Date "2015.05.09"]
[Round "2.1"]
[White "Anton Guijarro, David"]
[Black "Espinosa Aranda, Angel"]
[Result "1-0"]
[WhiteElo "2611"]
[BlackElo "2419"]
[PlyCount "67"]
[EventDate "2015.05.09"]
[EventType "tourn (rapid)"]
[EventRounds "7"]
[EventCountry "ESP"]
[EventCategory "13"]
[Source "lmi"]
[SourceDate "2015.05.09"]

1. Nf3 Nf6 2. c4 g6 3. Nc3 d5 4. cxd5 Nxd5 5. Qb3 Nb6 6. d4 Bg7 7. e4 Bg4 8.
Bb5+ c6 9. Ng5 O-O 10. Be2 Bc8 11. h4 h6 12. Nf3 Bg4 13. Be3 N8d7 14. O-O-O Rc8
15. Kb1 Qc7 16. Qc2 e5 17. Nxe5 Nxe5 18. dxe5 Bxe2 19. Nxe2 Qxe5 20. Bd4 Qe6
21. h5 Qc4 22. hxg6 Qxc2+ 23. Kxc2 fxg6 24. f3 Rcd8 25. b3 c5 26. Be3 Rxd1 27.
Rxd1 Rc8 28. Nf4 Kf7 29. a4 g5 30. Ne2 Ke6 31. g3 Nd7 32. f4 Bf6 33. e5 Be7 34.
f5+ 1-0

[Event "I Torneo Masters Temático 2015"]
[Site "Madrid"]
[Date "2015.05.09"]
[Round "2.2"]
[White "Forcen Esteban, Daniel"]
[Black "Salgado Lopez, Ivan"]
[Result "1/2-1/2"]
[WhiteElo "2503"]
[BlackElo "2655"]
[PlyCount "86"]
[EventDate "2015.05.09"]
[EventType "tourn (rapid)"]
[EventRounds "7"]
[EventCountry "ESP"]
[EventCategory "13"]
[Source "lmi"]
[SourceDate "2015.05.09"]

1. d4 Nf6 2. c4 e6 3. Nf3 Bb4+ 4. Nbd2 O-O 5. a3 Be7 6. e4 d6 7. Bd3 e5 8. d5
a5 9. Bc2 Nbd7 10. O-O Nc5 11. b3 c6 12. Bb2 Qb6 13. Bc3 Bg4 14. h3 Bh5 15. b4
axb4 16. axb4 Rxa1 17. Qxa1 Na6 18. dxc6 bxc6 19. Rb1 Ra8 20. c5 Qd8 21. cxd6
Bxd6 22. Qb2 Rb8 23. Nc4 Bxb4 24. Bxe5 Bd6 25. Qd4 Rxb1+ 26. Bxb1 Be7 27. Qxd8+
Bxd8 28. Nd4 Nd7 29. Nxc6 Nxe5 30. N4xe5 Bc7 31. g4 Bg6 32. f4 Bd6 33. f5 f6
34. Ba2+ Kh8 35. fxg6 fxe5 36. Nd8 Bc5+ 37. Kg2 hxg6 38. Nf7+ Kh7 39. Nxe5 Nb4
40. Bf7 g5 41. Ng6 Nd3 42. Kf3 Bd6 43. Ke3 Ne5 1/2-1/2

[Event "I Torneo Masters Temático 2015"]
[Site "Madrid"]
[Date "2015.05.09"]
[Round "2.3"]
[White "Vallejo Pons, Francisco"]
[Black "Matnadze, Ana"]
[Result "1/2-1/2"]
[WhiteElo "2689"]
[BlackElo "2436"]
[PlyCount "87"]
[EventDate "2015.05.09"]
[EventType "tourn (rapid)"]
[EventRounds "7"]
[EventCountry "ESP"]
[EventCategory "13"]
[Source "lmi"]
[SourceDate "2015.05.09"]

1. e4 c5 2. c3 d5 3. exd5 Qxd5 4. d4 Nf6 5. Nf3 e6 6. Na3 cxd4 7. Nb5 Na6 8.
Nbxd4 Be7 9. Bd3 O-O 10. O-O Nc5 11. Bc2 b6 12. Re1 Bb7 13. Bg5 Rfe8 14. Qe2
Nce4 15. Bh4 Qh5 16. Bxf6 Nxf6 17. Ba4 Rec8 18. Ne5 Qxe2 19. Rxe2 Bc5 20. Bc6
Rab8 21. Bxb7 Rxb7 22. Rd1 b5 23. a3 g6 24. Kf1 a6 25. Ndf3 Nd5 26. g3 Be7 27.
h4 h6 28. Kg2 Kg7 29. Rd3 Rbc7 30. Nd4 Bf6 31. Nef3 Nb6 32. Nc2 Nc4 33. Ne3 a5
34. Nxc4 Rxc4 35. Nd2 R4c7 36. Nb3 b4 37. cxb4 axb4 38. a4 Ra7 39. a5 Bd8 40.
Rd4 Bxa5 41. Nxa5 Rxa5 42. Rxb4 Rc7 43. Rb6 Ra1 44. Rb3 1/2-1/2

[Event "I Torneo Masters Temático 2015"]
[Site "Madrid"]
[Date "2015.05.09"]
[Round "2.4"]
[White "Illescas Cordoba, Miguel"]
[Black "Ibarra Jerez, Jose Carlos"]
[Result "0-1"]
[WhiteElo "2588"]
[BlackElo "2553"]
[PlyCount "68"]
[EventDate "2015.05.09"]
[EventType "tourn (rapid)"]
[EventRounds "7"]
[EventCountry "ESP"]
[EventCategory "13"]
[Source "lmi"]
[SourceDate "2015.05.09"]

1. Nf3 d5 2. g3 Nf6 3. Bg2 c6 4. O-O Bg4 5. d3 Nbd7 6. h3 Bxf3 7. Bxf3 e5 8. e4
dxe4 9. dxe4 Bc5 10. a4 a5 11. Qe2 O-O 12. Bg2 Re8 13. Nd2 Nf8 14. c3 Ne6 15.
Nc4 Qc7 16. h4 Ba7 17. Bg5 Nd7 18. Rad1 h6 19. Bxh6 gxh6 20. Qg4+ Kf8 21. Qh5
Bc5 22. Qxh6+ Ke7 23. Bh3 Rh8 24. Qd2 Rag8 25. Kh2 Nf6 26. Qe2 Nh5 27. Bxe6
fxe6 28. Rd3 Nf6 29. f3 Nh5 30. Rfd1 Nxg3 31. Rd7+ Qxd7 32. Rxd7+ Kxd7 33. Qd1+
Kc7 34. Nxe5 Nf1+ 0-1

[Event "I Torneo Masters Temático 2015"]
[Site "Madrid"]
[Date "2015.05.09"]
[Round "3.1"]
[White "Espinosa Aranda, Angel"]
[Black "Illescas Cordoba, Miguel"]
[Result "1-0"]
[WhiteElo "2419"]
[BlackElo "2588"]
[PlyCount "86"]
[EventDate "2015.05.09"]
[EventType "tourn (rapid)"]
[EventRounds "7"]
[EventCountry "ESP"]
[EventCategory "13"]
[Source "lmi"]
[SourceDate "2015.05.09"]

1. Nf3 Nf6 2. c4 g6 3. g3 Bg7 4. Bg2 O-O 5. O-O d6 6. d4 Nbd7 7. Nc3 e5 8. h3
Re8 9. e4 exd4 10. Nxd4 a6 11. Re1 Rb8 12. Be3 Ne5 13. b3 c5 14. Nde2 b5 15. f4
Ned7 16. Qxd6 b4 17. e5 bxc3 18. Nxc3 Nh5 19. g4 Bf8 20. Qd2 Ng7 21. Rad1 Qa5
22. Bc6 Ne6 23. Ne4 Qc7 24. Bxd7 Rd8 25. Nf6+ Kh8 26. f5 Nd4 27. Bxd4 cxd4 28.
e6 Bb7 29. Nd5 Bxd5 30. Qxd4+ Bg7 31. Qxd5 fxe6 32. fxe6 Qg3+ 33. Qg2 Qh4 34.
e7 Bd4+ 35. Kh1 Rxd7 36. e8=Q+ Rxe8 37. Rxe8+ Kg7 38. Re4 Qf6 39. Rf1 Qb6 40.
Qf3 Bc5 41. Qc3+ Bd4 42. Qf3 Bc5 43. Qf4 h6 1-0

[Event "I Torneo Masters Temático 2015"]
[Site "Madrid"]
[Date "2015.05.09"]
[Round "3.2"]
[White "Salgado Lopez, Ivan"]
[Black "Anton Guijarro, David"]
[Result "1/2-1/2"]
[WhiteElo "2655"]
[BlackElo "2611"]
[PlyCount "64"]
[EventDate "2015.05.09"]
[EventType "tourn (rapid)"]
[EventRounds "7"]
[EventCountry "ESP"]
[EventCategory "13"]
[Source "lmi"]
[SourceDate "2015.05.09"]

1. e4 e5 2. Nf3 Nc6 3. Bb5 Nf6 4. O-O Nxe4 5. Re1 Nd6 6. Nxe5 Be7 7. Bf1 Nxe5
8. Rxe5 O-O 9. Nc3 Bf6 10. Re1 b6 11. d4 Bb7 12. Qd3 Re8 13. Bf4 Re6 14. d5
Rxe1 15. Rxe1 Qf8 16. Bxd6 Qxd6 17. Ne4 Qxd5 18. Nxf6+ gxf6 19. Qg3+ Kh8 20.
Qf4 Qc6 21. Re3 Rg8 22. f3 Rg5 23. h4 Re5 24. Rxe5 fxe5 25. Qxf7 Qd6 26. Bc4
Qd4+ 27. Kf1 Qd1+ 28. Kf2 Qxc2+ 29. Be2 Qc5+ 30. Kf1 Qc1+ 31. Kf2 Qc5+ 32. Kf1
Qc1+ 1/2-1/2

[Event "I Torneo Masters Temático 2015"]
[Site "Madrid"]
[Date "2015.05.09"]
[Round "3.3"]
[White "Ibarra Jerez, Jose Carlos"]
[Black "Vallejo Pons, Francisco"]
[Result "0-1"]
[WhiteElo "2553"]
[BlackElo "2689"]
[PlyCount "48"]
[EventDate "2015.05.09"]
[EventType "tourn (rapid)"]
[EventRounds "7"]
[EventCountry "ESP"]
[EventCategory "13"]
[Source "lmi"]
[SourceDate "2015.05.09"]

1. d4 Nf6 2. c4 g6 3. Nf3 Bg7 4. Nc3 d5 5. cxd5 Nxd5 6. e4 Nxc3 7. bxc3 O-O 8.
Be2 c5 9. Be3 b6 10. O-O Bb7 11. dxc5 Bxe4 12. cxb6 Qxd1 13. Rfxd1 axb6 14.
Bxb6 Bxc3 15. Rac1 Rxa2 16. Bc4 Rb2 17. Ng5 Bc2 18. Nxf7 Bxd1 19. Nd6+ Kg7 20.
Nb5 Bb3 21. Nxc3 Bxc4 22. Bd4+ Kg8 23. Ne4 Rb7 24. Nc5 Rb5 0-1

[Event "I Torneo Masters Temático 2015"]
[Site "Madrid"]
[Date "2015.05.09"]
[Round "3.4"]
[White "Matnadze, Ana"]
[Black "Forcen Esteban, Daniel"]
[Result "0-1"]
[WhiteElo "2436"]
[BlackElo "2503"]
[PlyCount "64"]
[EventDate "2015.05.09"]
[EventType "tourn (rapid)"]
[EventRounds "7"]
[EventCountry "ESP"]
[EventCategory "13"]
[Source "lmi"]
[SourceDate "2015.05.09"]

1. d4 Nf6 2. c4 e6 3. Nc3 Bb4 4. g3 O-O 5. Bg2 d5 6. Nf3 c5 7. O-O cxd4 8. Nxd4
dxc4 9. e4 Bxc3 10. bxc3 e5 11. Nf5 Bxf5 12. exf5 Qc8 13. Bg5 Nbd7 14. Re1 Re8
15. a4 h6 16. Be3 Nc5 17. Bxc5 Qxc5 18. Bxb7 Rad8 19. Qe2 Rd3 20. Rab1 e4 21.
Rb5 Qd6 22. Rb4 Qc5 23. Rb5 Qc7 24. Qb2 Qd7 25. Rc5 Rb8 26. Rb5 Rd1 27. Rxd1
Qxd1+ 28. Kg2 Qf3+ 29. Kg1 Rd8 30. Bd5 Qd1+ 31. Kg2 Nxd5 32. f6 Nf4+ 0-1

[Event "I Torneo Masters Temático 2015"]
[Site "Madrid"]
[Date "2015.05.09"]
[Round "4.1"]
[White "Illescas Cordoba, Miguel"]
[Black "Vallejo Pons, Francisco"]
[Result "1/2-1/2"]
[WhiteElo "2588"]
[BlackElo "2689"]
[PlyCount "102"]
[EventDate "2015.05.09"]
[EventType "tourn (rapid)"]
[EventRounds "7"]
[EventCountry "ESP"]
[EventCategory "13"]
[Source "lmi"]
[SourceDate "2015.05.09"]

1. d4 Nf6 2. c4 e6 3. Nf3 Bb4+ 4. Nbd2 b6 5. a3 Bxd2+ 6. Qxd2 Bb7 7. e3 O-O 8.
Be2 Ne4 9. Qc2 Ng5 10. Nd2 f5 11. f3 Nc6 12. b3 f4 13. h4 Nf7 14. Ne4 h6 15. d5
exd5 16. cxd5 Ne7 17. exf4 Nxd5 18. g3 Qe7 19. Bb2 Nd6 20. Nxd6 cxd6 21. Qd2
Rae8 22. Kf2 Nf6 23. Rhe1 Qf7 24. Rac1 Kh8 25. b4 Qb3 26. Rc3 Qe6 27. Bf1 Qf5
28. Rxe8 Rxe8 29. Qd3 Qe6 30. Rc1 Ba6 31. Qxa6 Qe3+ 32. Kg2 Qd2+ 33. Kh3 Qxb2
34. Rc8 Qb1 35. Rxe8+ Nxe8 36. Bg2 Nf6 37. Qxa7 Qe1 38. Qa6 Qe3 39. a4 d5 40.
a5 bxa5 41. bxa5 d4 42. Qc8+ Kh7 43. a6 d3 44. Qb7 d2 45. a7 d1=Q 46. a8=Q Qc2
47. Qbc8 Qe6+ 48. Kh2 Qxg2+ 49. Kxg2 Qe2+ 50. Kg1 Qe1+ 51. Kg2 Qe2+ 1/2-1/2

[Event "I Torneo Masters Temático 2015"]
[Site "Madrid"]
[Date "2015.05.09"]
[Round "4.2"]
[White "Forcen Esteban, Daniel"]
[Black "Ibarra Jerez, Jose Carlos"]
[Result "1-0"]
[WhiteElo "2503"]
[BlackElo "2553"]
[PlyCount "97"]
[EventDate "2015.05.09"]
[EventType "tourn (rapid)"]
[EventRounds "7"]
[EventCountry "ESP"]
[EventCategory "13"]
[Source "lmi"]
[SourceDate "2015.05.09"]

1. e4 c6 2. Nc3 d5 3. Nf3 Bg4 4. h3 Bxf3 5. Qxf3 e6 6. d3 Nf6 7. Qg3 Nbd7 8.
Be2 d4 9. Nd1 e5 10. O-O Qc7 11. f4 Bd6 12. Qxg7 Rg8 13. Qh6 exf4 14. Bxf4
O-O-O 15. Bxd6 Qxd6 16. Qf4 Qc5 17. Rf2 Rg6 18. Qf5 Qd6 19. Bf1 Rdg8 20. c3 Rg5
21. Qf4 Qe6 22. Qf3 dxc3 23. Nxc3 Rg3 24. Qf5 Rxh3 25. Qxe6 fxe6 26. d4 Rh4 27.
Re1 e5 28. dxe5 Ng4 29. e6 Nde5 30. Rf4 Rh6 31. e7 Re8 32. Be2 Rg6 33. Rf8 Kd7
34. Nd5 Rg8 35. Ref1 cxd5 36. Rxg8 Rxg8 37. Rf8 Nf6 38. e8=Q+ Nxe8 39. Rxg8 Ke7
40. exd5 Ng6 41. Bd3 Nf4 42. Bxh7 Nxd5 43. Bg6 Nd6 44. Bh5 Nf6 45. Rh8 Nc4 46.
b3 Ne3 47. Bf3 b6 48. Rb8 Kd6 49. Rb7 1-0

[Event "I Torneo Masters Temático 2015"]
[Site "Madrid"]
[Date "2015.05.09"]
[Round "4.3"]
[White "Anton Guijarro, David"]
[Black "Matnadze, Ana"]
[Result "1-0"]
[WhiteElo "2611"]
[BlackElo "2436"]
[PlyCount "99"]
[EventDate "2015.05.09"]
[EventType "tourn (rapid)"]
[EventRounds "7"]
[EventCountry "ESP"]
[EventCategory "13"]
[Source "lmi"]
[SourceDate "2015.05.09"]

1. e4 e5 2. Nf3 Nc6 3. Bb5 a6 4. Ba4 g6 5. c3 Bg7 6. d4 d6 7. Bxc6+ bxc6 8.
dxe5 dxe5 9. Qxd8+ Kxd8 10. Be3 Rb8 11. b3 f6 12. c4 Ke7 13. Nc3 Kf7 14. O-O-O
Ne7 15. Ne1 h5 16. Nd3 h4 17. f4 Bg4 18. Rde1 h3 19. g3 Rhd8 20. Kc2 exf4 21.
Bxf4 Rbc8 22. Rhf1 Kg8 23. Na4 g5 24. Bc1 Ng6 25. Nac5 a5 26. Bb2 Rf8 27. Bc3
Ra8 28. a4 Rf7 29. Rf2 f5 30. Ref1 Bxc3 31. Kxc3 Re8 32. exf5 Nf8 33. b4 axb4+
34. Kxb4 Rb8+ 35. Kc3 Re7 36. a5 Ra8 37. a6 Kf7 38. Re1 Rxe1 39. Nxe1 Nh7 40.
Ned3 Nf6 41. Ne5+ Ke7 42. Rd2 Bxf5 43. Nxc6+ Ke8 44. Re2+ Kf7 45. Rf2 Rxa6 46.
Ne5+ Ke7 47. Rxf5 Ra2 48. Nc6+ Kd6 49. Rxf6+ Kxc5 50. Nd4 1-0

[Event "I Torneo Masters Temático 2015"]
[Site "Madrid"]
[Date "2015.05.09"]
[Round "4.4"]
[White "Espinosa Aranda, Angel"]
[Black "Salgado Lopez, Ivan"]
[Result "0-1"]
[WhiteElo "2419"]
[BlackElo "2655"]
[PlyCount "90"]
[EventDate "2015.05.09"]
[EventType "tourn (rapid)"]
[EventRounds "7"]
[EventCountry "ESP"]
[EventCategory "13"]
[Source "lmi"]
[SourceDate "2015.05.09"]

1. c4 e6 2. Nc3 d5 3. d4 Be7 4. cxd5 exd5 5. Bf4 c6 6. e3 Bf5 7. Nge2 Nd7 8. f3
Nf8 9. g4 Bg6 10. Bg2 h5 11. h3 Bh4+ 12. Bg3 hxg4 13. hxg4 Bxg3+ 14. Nxg3 Rxh1+
15. Nxh1 Qh4+ 16. Kf1 Ne7 17. Qe1 Bd3+ 18. Kg1 Qxe1+ 19. Rxe1 g5 20. Nf2 Bh7
21. e4 O-O-O 22. exd5 Nxd5 23. Nfe4 Bxe4 24. fxe4 Nf4 25. d5 N8g6 26. dxc6 Rd2
27. cxb7+ Kxb7 28. Bf3 Ne5 29. Be2 Rxb2 30. Kf1 Nxe2 31. Rxe2 Rxe2 32. Kxe2 Kc6
33. Nd5 Nxg4 34. Kd3 Kc5 35. Ne7 Ne5+ 36. Kc3 a5 37. Nf5 a4 38. Ng3 g4 39. Nf5
Nc6 40. Kb2 Nd4 41. Ng3 Kb4 42. Nf1 Ne2 43. a3+ Kc5 44. Kc2 g3 45. Ne3 Nf4 0-1

[Event "I Torneo Masters Temático 2015"]
[Site "Madrid"]
[Date "2015.05.09"]
[Round "5.1"]
[White "Salgado Lopez, Ivan"]
[Black "Illescas Cordoba, Miguel"]
[Result "1-0"]
[WhiteElo "2655"]
[BlackElo "2588"]
[PlyCount "123"]
[EventDate "2015.05.09"]
[EventType "tourn (rapid)"]
[EventRounds "7"]
[EventCountry "ESP"]
[EventCategory "13"]
[Source "lmi"]
[SourceDate "2015.05.09"]

1. c4 e5 2. Nc3 Nf6 3. Nf3 Nc6 4. g3 d5 5. cxd5 Nxd5 6. Bg2 Nb6 7. O-O Be7 8.
d3 O-O 9. Be3 Be6 10. Rc1 Nd5 11. Nxd5 Bxd5 12. Qa4 Bd6 13. a3 a6 14. Rc3 h6
15. Rfc1 Ne7 16. Bc5 Bc6 17. Qd1 Nd5 18. Rc4 Nf6 19. Nh4 Bxg2 20. Kxg2 c6 21.
Qb3 Bxc5 22. Rxc5 Nd7 23. R5c4 Rb8 24. Rb4 Qc7 25. Nf5 Nf6 26. Rbc4 Qd7 27. Ne3
Rfe8 28. Rc5 e4 29. Rd1 exd3 30. Rxd3 Qe6 31. Qxe6 Rxe6 32. Rc2 Rbe8 33. Rcd2
g6 34. Rd8 Kf8 35. Rxe8+ Kxe8 36. Nc4 Ne4 37. Rc2 Nd6 38. Na5 Kd7 39. f3 f5 40.
Kf2 Kc7 41. e3 Re5 42. Nb3 Rd5 43. Ke2 g5 44. h3 h5 45. Nc5 Re5 46. Nd3 Re8 47.
h4 f4 48. gxf4 Nf5 49. Rc5 Nxe3 50. Re5 Rxe5 51. fxe5 Nf5 52. hxg5 h4 53. Kf2
b6 54. Nf4 Kd7 55. Kg2 c5 56. g6 c4 57. Kh3 Ke8 58. Kg4 Nd4 59. e6 Kf8 60. Kxh4
Nxf3+ 61. Kg4 Nd4 62. Kg5 1-0

[Event "I Torneo Masters Temático 2015"]
[Site "Madrid"]
[Date "2015.05.09"]
[Round "5.2"]
[White "Matnadze, Ana"]
[Black "Espinosa Aranda, Angel"]
[Result "0-1"]
[WhiteElo "2436"]
[BlackElo "2419"]
[PlyCount "108"]
[EventDate "2015.05.09"]
[EventType "tourn (rapid)"]
[EventRounds "7"]
[EventCountry "ESP"]
[EventCategory "13"]
[Source "lmi"]
[SourceDate "2015.05.09"]

1. e4 e5 2. Nf3 Nc6 3. d4 exd4 4. Nxd4 Bc5 5. c3 Nf6 6. Bc4 O-O 7. O-O Nxe4 8.
Be3 Bxd4 9. cxd4 d5 10. Bd3 Ne7 11. Nd2 Nxd2 12. Qxd2 Bf5 13. Be2 c6 14. b4 Nc8
15. a4 Nd6 16. b5 Nc4 17. Bxc4 dxc4 18. bxc6 bxc6 19. Rfc1 Qd5 20. Qb4 Bd3 21.
Qc5 Rfe8 22. h3 Be4 23. Qxc4 Bxg2 24. Qxd5 Bxd5 25. Rab1 Re7 26. a5 h5 27. Rb4
Rae8 28. Rcb1 f6 29. a6 Kf7 30. Rb7 g5 31. h4 Kg6 32. Kh2 Re4 33. hxg5 fxg5 34.
Rd7 Rh4+ 35. Kg3 Rg4+ 36. Kh3 Bg2+ 37. Kh2 Be4 38. Rg1 Rh4+ 39. Kg3 Rf8 40.
Rd6+ Kh7 41. Rd7+ Kg8 42. f4 Rg4+ 43. Kf2 gxf4 44. Bd2 f3 45. Rxg4+ hxg4 46.
Be1 Bd3 47. Rxa7 Re8 48. Bb4 Re2+ 49. Kg3 Rg2+ 50. Kh4 f2 51. Ra8+ Kh7 52. a7
f1=Q 53. Rh8+ Kxh8 54. a8=Q+ Kg7 0-1

[Event "I Torneo Masters Temático 2015"]
[Site "Madrid"]
[Date "2015.05.09"]
[Round "5.4"]
[White "Vallejo Pons, Francisco"]
[Black "Forcen Esteban, Daniel"]
[Result "1-0"]
[WhiteElo "2689"]
[BlackElo "2503"]
[PlyCount "59"]
[EventDate "2015.05.09"]
[EventType "tourn (rapid)"]
[EventRounds "7"]
[EventCountry "ESP"]
[EventCategory "13"]
[Source "lmi"]
[SourceDate "2015.05.09"]

1. e4 c6 2. d4 d5 3. e5 Bf5 4. Be3 e6 5. Nd2 Ne7 6. c3 h6 7. Be2 Bh7 8. f4 Nd7
9. Ngf3 Qb6 10. b4 f6 11. O-O O-O-O 12. Bf2 g5 13. exf6 Nxf6 14. Ne5 gxf4 15.
Nf7 Bg7 16. Nxh8 Bxh8 17. Bg4 Nf5 18. Bxf5 Bxf5 19. Bh4 Rg8 20. Rxf4 Ng4 21.
Qf3 Ne5 22. Qe2 Bg4 23. Qf2 Nd7 24. Rf7 e5 25. Nb3 exd4 26. Nxd4 Qa6 27. Bg3
Qd3 28. Rf1 Rd8 29. Nxc6 bxc6 30. Qxa7 1-0

[Event "I Torneo Masters Temático 2015"]
[Site "Madrid"]
[Date "2015.05.09"]
[Round "6.1"]
[White "Illescas Cordoba, Miguel"]
[Black "Forcen Esteban, Daniel"]
[Result "1-0"]
[WhiteElo "2588"]
[BlackElo "2503"]
[PlyCount "59"]
[EventDate "2015.05.09"]
[EventType "tourn (rapid)"]
[EventRounds "7"]
[EventCountry "ESP"]
[EventCategory "13"]
[Source "lmi"]
[SourceDate "2015.05.09"]

1. d4 d5 2. c4 e6 3. Nf3 Nf6 4. Nc3 Be7 5. Bg5 h6 6. Bh4 O-O 7. e3 Ne4 8. Bxe7
Qxe7 9. Qc2 Nxc3 10. Qxc3 b6 11. cxd5 exd5 12. Rc1 c6 13. Bd3 Bb7 14. O-O Rc8
15. Bf5 Rc7 16. Ne5 g6 17. Bh3 Kh7 18. g3 Na6 19. Rfd1 Re8 20. a3 c5 21. Qb3
Nb8 22. Bg2 c4 23. Qb5 f6 24. Ng4 Nd7 25. Bxd5 a6 26. Rxc4 axb5 27. Rxc7 Bc8
28. Bb7 h5 29. Bxc8 Rxc8 30. Rxd7 1-0

[Event "I Torneo Masters Temático 2015"]
[Site "Madrid"]
[Date "2015.05.09"]
[Round "6.2"]
[White "Anton Guijarro, David"]
[Black "Vallejo Pons, Francisco"]
[Result "1/2-1/2"]
[WhiteElo "2611"]
[BlackElo "2689"]
[PlyCount "155"]
[EventDate "2015.05.09"]
[EventType "tourn (rapid)"]
[EventRounds "7"]
[EventCountry "ESP"]
[EventCategory "13"]
[Source "lmi"]
[SourceDate "2015.05.09"]

1. d4 d5 2. c4 e6 3. Nf3 Nf6 4. Nc3 c6 5. e3 Nbd7 6. Qc2 Bd6 7. b3 O-O 8. Be2
b6 9. O-O Bb7 10. Bb2 Qe7 11. Rad1 Rfe8 12. Rfe1 Bb4 13. Rc1 dxc4 14. bxc4 c5
15. Red1 cxd4 16. exd4 Bd6 17. Nb5 Be4 18. Qd2 Bb4 19. Qe3 Rec8 20. Ne5 Nf8 21.
a4 Bb7 22. h3 Ng6 23. Nxg6 hxg6 24. Bf1 a6 25. Nc3 Rd8 26. Na2 Bd6 27. Nc3 Rac8
28. Rb1 Qc7 29. Ba1 Bh2+ 30. Kh1 Bf4 31. Qe1 g5 32. Ne2 g4 33. Rb3 Bh6 34. Rdb1
Be4 35. R1b2 Qxc4 36. Nc3 Qxd4 37. Re2 Bd2 38. Nxe4 Bxe1 39. Bxd4 Nxe4 40. Rxe4
Rc1 41. Kg1 f5 42. Be3 Bd2 43. Rd4 Rxd4 44. Bxd4 gxh3 45. gxh3 b5 46. axb5 axb5
47. Rxb5 Bf4 48. Kg2 Rd1 49. Ba7 Ra1 50. Rb7 Ra4 51. Bb5 Rb4 52. Bc5 Rb1 53.
Ba6 Rc1 54. Ba3 Rc2 55. Rb3 Kh7 56. Bd3 Rc6 57. Kf3 Be5 58. Bb5 Rc2 59. Bd3 Rc6
60. Ke2 Kg6 61. Be7 Rc7 62. Bd8 Rc8 63. Bb6 Kf6 64. Be3 Rh8 65. Rb6 f4 66. Bc5
Rc8 67. Rb5 Rh8 68. Rb6 Rxh3 69. Rc6 g5 70. Bb6 g4 71. Bd8+ Kf7 72. Bc4 Rh6 73.
Bg5 Rg6 74. Bh4 g3 75. fxg3 fxg3 76. Rxe6 Rxe6 77. Bxe6+ Kxe6 78. Bxg3 1/2-1/2